Computational methods of neutron transport (Record no. 8384)

MARC details
000 -LEADER
fixed length control field 00546nam a2200193Ia 4500
003 - CONTROL NUMBER IDENTIFIER
control field IN-BaIIA
008 - FIXED-LENGTH DATA ELEMENTS--GENERAL INFORMATION
fixed length control field 211028s9999 xx 000 0 eng d
020 ## - INTERNATIONAL STANDARD BOOK NUMBER
International Standard Book Number 0-471-09245-2
040 ## - CATALOGING SOURCE
Transcribing agency IIA Library
080 ## - UNIVERSAL DECIMAL CLASSIFICATION NUMBER
Universal Decimal Classification number 539.125
Item number LEW
100 ## - MAIN ENTRY--PERSONAL NAME
Personal name Lewis, E. E
9 (RLIN) 14054
245 #0 - TITLE STATEMENT
Title Computational methods of neutron transport
Statement of responsibility, etc. E. E. Lewis and W. F. Miller
260 ## - PUBLICATION, DISTRIBUTION, ETC.
Place of publication, distribution, etc. New York
Name of publisher, distributor, etc. John Wiley & Sons
Date of publication, distribution, etc. 1984
300 ## - PHYSICAL DESCRIPTION
Extent xvi, 401p.
650 ## - SUBJECT ADDED ENTRY--TOPICAL TERM
Topical term or geographic name entry element Computation
9 (RLIN) 2311
650 ## - SUBJECT ADDED ENTRY--TOPICAL TERM
Topical term or geographic name entry element Neutron transport
9 (RLIN) 14055
700 ## - ADDED ENTRY--PERSONAL NAME
Personal name Miller, W. F.
9 (RLIN) 14056
942 ## - ADDED ENTRY ELEMENTS (KOHA)
Koha item type Books
Holdings
Withdrawn status Lost status Damaged status Not for loan Home library Current library Shelving location Date acquired Total Checkouts Full call number Barcode Date last seen Date last checked out Price effective from Koha item type
        IIA Library-Bangalore IIA Library-Bangalore General Stacks 06/08/1985 1 539.125/ LEW 9234 16/04/2025 26/12/2024 06/08/1985 Books

Powered by Koha